000 01076nam a2200253 i 4500
001 79141
003 ES-MaACL
005 20251004063125.0
007 t|
008 041020m19391951sp af c |||| | spa d
100 1 _aHernández Díaz, José,
_d1906-1998
_962929
245 1 0 _aCatálogo arqueológico y artístico de la provincia de Sevilla /
_cpor José Hernández Díaz, Antonio Sancho Corbacho y Francisco Collantes de Terán.
250 _a1ª ed.
260 _aSevilla :
_b[s.n.],
_c1939-1951 (
_fImp. de la Gavidia)
300 _a3 v., 348 lám. :
_bil. ;
_c32 cm.
500 _aPrecede al tít.: Servicio de Defensa del Patrimonio Artístico Nacional. Cuarta Zona. Sevilla.
650 4 _aArte-
_zSevilla (Provincia)
_9168612
651 4 _aSevilla (Provincia)-
_xRestos arqueológicos.
_9168613
700 1 _aSancho Corbacho, Antonio.
_9103036
700 1 _aCollantes de Terán Delorme, Francisco.
_939670
710 1 _aEspaña.
_bServicio de Defensa del Patrimonio Artístico Nacional.
_93974
852 _aES-MaACL
_jC-31443-45
999 _c79141
_d79141